[Event "Ch d'Afrique juniors"]
[Site "Hotel Bouazza (Tiaret)"]
[Date "2014.01.28"]
[Round "5.6"]
[White "Ouaret, Abdelouhab"]
[Black "Araoun, Saadi"]
[Result "1-0"]
[WhiteElo "1856"]
[BlackElo "1580"]
[PlyCount "127"]
[EventDate "2014.01.25"]
[EventRounds "9"]
[EventCountry "ALG"]

1. Nf3 g6 2. g3 Bg7 3. Bg2 d6 4. d4 Nf6 5. c4 O-O 6. Nc3 Nbd7 7. O-O e5 8. e3
Ne8 9. Qb3 Kh8 10. Rd1 c6 11. a3 f5 12. Qc2 g5 13. b4 Qf6 14. Ne2 Bh6 15. Bb2
Bg7 16. Nc3 h5 17. b5 e4 18. Ne1 Nb6 19. Bf1 Be6 20. c5 dxc5 21. dxc5 Nc4 22.
Bxc4 Bxc4 23. Na4 Qf7 24. Bxg7+ Nxg7 25. Rd4 Bb3 26. Qd2 Bxa4 27. Rxa4 cxb5 28.
Rd4 Qf6 29. Rd1 Ne6 30. Rd6 f4 31. Qe2 Qf7 32. Rd7 Qg6 33. R1d6 Rf6 34. Qxb5
fxe3 35. fxe3 Qf5 36. Qe2 g4 37. Rd5 Qg6 38. Ng2 Rb8 39. Nf4 Nxf4 40. exf4 Rf7
41. R5d6 Qf5 42. Rd5 Qxd7 43. Rxd7 Rxd7 44. Qxe4 Rbd8 45. Qe5+ Kg8 46. Qg5+ Kf8
47. Qf6+ Kg8 48. f5 Rd1+ 49. Kf2 R8d4 50. Qg5+ Kh8 51. Ke2 R1d3 52. a4 a5 53.
Qf6+ Kg8 54. Qh6 Rd1 55. Qe3 Kg7 56. Qc3 Kf6 57. Qxa5 Rd5 58. Qb6+ Kxf5 59. Qh6
h4 60. Qh5+ Kf6 61. Qxh4+ Kf7 62. Qh7+ Kf6 63. Qh6+ Kf7 64. Qf4+ 1-0

[Event "Ch d'Afrique juniors"]
[Site "Hotel Bouazza (Tiaret)"]
[Date "2014.01.28"]
[Round "5.8"]
[White "Ghafoul, Said"]
[Black "Alnami, Salaheddin"]
[Result "1-0"]
[WhiteElo "1851"]
[BlackElo "1843"]
[PlyCount "65"]
[EventDate "2014.01.25"]
[EventRounds "9"]
[EventCountry "ALG"]

1. e4 d5 2. exd5 Qxd5 3. Nc3 Qd8 4. Bc4 Nf6 5. d4 Bf5 6. Nf3 e6 7. h3 Be7 8.
Be3 c6 9. O-O h6 10. Re1 Nbd7 11. a3 O-O 12. Qd2 b5 13. Bd3 Bxd3 14. Qxd3 Qc7
15. Ne2 Nd5 16. c4 bxc4 17. Qxc4 Bd6 18. Nc3 N7b6 19. Qe2 Rfe8 20. Rac1 Qb7 21.
Ne4 Bf8 22. Ne5 Rac8 23. Qf3 f5 24. Nc5 Bxc5 25. dxc5 Nd7 26. Nc4 Qb3 27. Nd6
Ne5 28. Qh5 Nd3 29. Qf7+ Kh7 30. Nxe8 Qxb2 31. Rcd1 Nxe1 32. Bd4 Rc7 33. Nxc7
1-0

[Event "Ch d'Afrique juniors"]
[Site "Hotel Bouazza (Tiaret)"]
[Date "2014.01.29"]
[Round "6.1"]
[White "Silva, David"]
[Black "Ameir, Moheb"]
[Result "0-1"]
[WhiteElo "2042"]
[BlackElo "2291"]
[PlyCount "74"]
[EventDate "2014.01.25"]
[EventRounds "9"]
[EventCountry "ALG"]

1. e4 c5 2. Nf3 Nc6 3. Bb5 d6 4. Bxc6+ bxc6 5. O-O e5 6. Re1 Nf6 7. d3 Be7 8.
Nbd2 O-O 9. Nf1 Ne8 10. Ng3 g6 11. c3 Rb8 12. Qa4 Qc7 13. Bh6 Ng7 14. Rab1 Bg4
15. Nd2 Be6 16. f4 exf4 17. Bxf4 g5 18. Be3 d5 19. Nf3 h6 20. b4 dxe4 21. dxe4
Rb5 22. bxc5 Ra5 23. Rb7 Qd8 24. Qxc6 g4 25. Ne5 Rxa2 26. Qc7 Qxc7 27. Rxc7 Bf6
28. Bd4 Rb8 29. Re2 Ra1+ 30. Kf2 Bh4 31. Nc6 Rbb1 32. Ne7+ Kh7 33. Bxg7 Rf1+
34. Ke3 Bg5+ 35. Kd4 Rad1+ 36. Ke5 Bf4+ 37. Kf6 Bxg3+ 0-1

[Event "Ch d'Afrique juniors"]
[Site "Hotel Bouazza (Tiaret)"]
[Date "2014.01.29"]
[Round "6.2"]
[White "Dias, Vanderson"]
[Black "Meftahi, Houssem"]
[Result "0-1"]
[WhiteElo "2006"]
[BlackElo "1994"]
[PlyCount "44"]
[EventDate "2014.01.25"]
[EventRounds "9"]
[EventCountry "ALG"]

1. e4 c5 2. Nf3 Nc6 3. d4 cxd4 4. Nxd4 e5 5. Nb3 Nf6 6. Nc3 Bb4 7. Bg5 h6 8.
Bxf6 Qxf6 9. Qd3 d6 10. a3 Bxc3+ 11. Qxc3 O-O 12. Qd3 Be6 13. c4 Qg6 14. g3 f5
15. Bg2 fxe4 16. Qxd6 Qf7 17. Qd2 Bxc4 18. Nc5 Rad8 19. Qe3 Nd4 20. Bxe4 b6 21.
b3 Bd5 22. Na4 Bxe4 0-1

[Event "Ch d'Afrique juniors"]
[Site "Hotel Bouazza (Tiaret)"]
[Date "2014.01.29"]
[Round "6.3"]
[White "Bhawoodien, Mohamed Ozayr"]
[Black "Nader, Mohamed"]
[Result "1/2-1/2"]
[WhiteElo "1913"]
[BlackElo "2104"]
[PlyCount "123"]
[EventDate "2014.01.25"]
[EventRounds "9"]
[EventCountry "ALG"]

1. d4 Nf6 2. c4 e6 3. Nf3 Bb4+ 4. Nbd2 c5 5. a3 Bxd2+ 6. Bxd2 b6 7. Bg5 Bb7 8.
e3 O-O 9. Bd3 h6 10. Bh4 d6 11. Qe2 Nbd7 12. g4 g5 13. Bg3 e5 14. dxe5 Nxe5 15.
Bxe5 dxe5 16. Bf5 e4 17. Nd2 Qd3 18. Qxd3 exd3 19. f3 Rad8 20. Rc1 Nd7 21. Bxd3
Ne5 22. Be2 Nxg4 23. Rc3 Rfe8 24. Nf1 Kf8 25. h4 Ne5 26. hxg5 hxg5 27. Rh8+ Kg7
28. Rxe8 Rxe8 29. Kf2 Rh8 30. f4 gxf4 31. exf4 Ng6 32. Kg3 Kf6 33. Bf3 Bxf3 34.
Kxf3 Nh4+ 35. Ke4 Rd8 36. Rd3 Rxd3 37. Kxd3 Kf5 38. Ne3+ Kxf4 39. Nd5+ Ke5 40.
Ne7 a6 41. Nd5 Kd6 42. Nxb6 Nf3 43. b4 Kc6 44. Nd5 Ne5+ 45. Kc3 Kd6 46. Nf4 Kc6
47. Nd5 Nd7 48. Kd3 Kd6 49. Ke4 Kc6 50. Kf5 cxb4 51. axb4 Nb6 52. Ne3 Nxc4 53.
Nxc4 Kb5 54. Na5 Kxb4 55. Nb7 Kb5 56. Nd6+ Kc5 57. Nxf7 a5 58. Ke4 Kb4 59. Kd3
Kb3 60. Ne5 a4 61. Nc4 Kb4 62. Kc2 1/2-1/2

[Event "Ch d'Afrique juniors"]
[Site "Hotel Bouazza (Tiaret)"]
[Date "2014.01.29"]
[Round "6.4"]
[White "Ouaret, Abdelouhab"]
[Black "Aguiar, Cristiano"]
[Result "1/2-1/2"]
[WhiteElo "1856"]
[BlackElo "1848"]
[PlyCount "63"]
[EventDate "2014.01.25"]
[EventRounds "9"]
[EventCountry "ALG"]

1. Nf3 Nf6 2. g3 d5 3. Bg2 c6 4. d4 Nbd7 5. O-O e6 6. Nbd2 Bd6 7. c4 O-O 8. e4
dxe4 9. Ng5 e3 10. fxe3 e5 11. Nge4 Bc7 12. b3 Nxe4 13. Nxe4 f5 14. Nc3 Nf6 15.
d5 e4 16. Ba3 Bd6 17. Bxd6 Qxd6 18. dxc6 Qxc6 19. Nd5 Nxd5 20. Qxd5+ Qxd5 21.
cxd5 Bd7 22. Rac1 Rfc8 23. g4 Rxc1 24. Rxc1 Rc8 25. Rd1 g6 26. Rd2 Rc3 27. Kf2
f4 28. Rd4 Rc2+ 29. Kg1 f3 30. Bf1 Rc1 31. Kf2 Rc2+ 32. Kg1 1/2-1/2

[Event "Ch d'Afrique juniors"]
[Site "Hotel Bouazza (Tiaret)"]
[Date "2014.01.29"]
[Round "6.7"]
[White "Alnami, Salaheddin"]
[Black "Silvio, Famorosa F"]
[Result "0-1"]
[WhiteElo "1843"]
[BlackElo "1981"]
[PlyCount "94"]
[EventDate "2014.01.25"]
[EventRounds "9"]
[EventCountry "ALG"]

1. d4 Nf6 2. Nf3 e6 3. Nbd2 d5 4. e3 c5 5. c4 Nc6 6. cxd5 Nxd5 7. Bb5 cxd4 8.
Nxd4 Bd7 9. Nxc6 Bxc6 10. Bxc6+ bxc6 11. O-O Be7 12. e4 Nb6 13. Qc2 Rc8 14. Rd1
Qc7 15. a4 O-O 16. a5 Nd7 17. Nc4 Rfd8 18. Be3 c5 19. f4 Nf6 20. e5 Rxd1+ 21.
Rxd1 Nd5 22. Qe4 Rb8 23. Bd2 g6 24. g4 Qb7 25. Rf1 Nb4 26. Qxb7 Rxb7 27. f5 Rb5
28. f6 Bd8 29. Rd1 Nd5 30. Bc3 Bc7 31. g5 Rb8 32. Nd6 Nxc3 33. bxc3 Bxa5 34. c4
Bc3 35. Ne4 Bd4+ 36. Kf1 Rc8 37. Nd6 Ra8 38. Nb7 a5 39. Ke2 a4 40. Nd6 Bxe5 41.
Nb5 Bf4 42. Rd7 Bxh2 43. Kf2 Bf4 44. Kf3 Bxg5 45. Nd6 a3 46. Rxf7 Bxf6 47. Rxf6
a2 0-1

[Event "Ch d'Afrique juniors"]
[Site "Hotel Bouazza (Tiaret)"]
[Date "2014.01.29"]
[Round "6.8"]
[White "Araoun, Saadi"]
[Black "Ghafoul, Said"]
[Result "1-0"]
[WhiteElo "1580"]
[BlackElo "1851"]
[PlyCount "94"]
[EventDate "2014.01.25"]
[EventRounds "9"]
[EventCountry "ALG"]

1. c4 e5 2. Nc3 Nf6 3. g3 c6 4. Nf3 e4 5. Ng5 d5 6. cxd5 cxd5 7. d3 h6 8. Nh3
exd3 9. Qxd3 Nc6 10. a3 g6 11. Nf4 d4 12. Ne4 Bf5 13. Nxf6+ Qxf6 14. Qb5 O-O-O
15. Bg2 g5 16. Nd5 Qe6 17. O-O a6 18. Qc4 Kb8 19. h4 Be4 20. Bxe4 Qxe4 21. Nb6
Qg6 22. Nd5 Bd6 23. Kg2 Qe4+ 24. f3 Qg6 25. hxg5 hxg5 26. Bd2 Rh5 27. Rh1 Rdh8
28. Nb4 Bxb4 29. Bxb4 Qh6 30. Rxh5 Qxh5 31. Bd6+ Ka8 32. g4 Qh3+ 33. Kf2 f5 34.
Qe6 f4 35. Rg1 d3 36. exd3 Nd4 37. Qe4 Qh4+ 38. Kf1 Nb3 39. Bb4 Rc8 40. Qe2 Nd4
41. Qd1 Qh3+ 42. Kf2 Re8 43. Bc5 Nxf3 44. Qxf3 Qh4+ 45. Kg2 Rh8 46. Bf2 Qh2+
47. Kf1 Rc8 1-0

[Event "Ch d'Afrique juniors"]
[Site "Hotel Bouazza (Tiaret)"]
[Date "2014.01.29"]
[Round "7.1"]
[White "Ameir, Moheb"]
[Black "Saim, Mohamed Ilias"]
[Result "0-1"]
[WhiteElo "2291"]
[BlackElo "1988"]
[PlyCount "114"]
[EventDate "2014.01.25"]
[EventRounds "9"]
[EventCountry "ALG"]

1. e4 d6 2. d4 Nf6 3. Nc3 e5 4. Nf3 Nbd7 5. Bc4 Be7 6. O-O O-O 7. Re1 c6 8. a4
a5 9. h3 h6 10. Ba2 Qc7 11. dxe5 dxe5 12. Nh4 Rd8 13. Qf3 Nf8 14. Nf5 Bxf5 15.
Qxf5 g6 16. Qf3 Kg7 17. Qe3 g5 18. h4 Ng6 19. g3 Rh8 20. Qf3 gxh4 21. Nd1 hxg3
22. fxg3 Bc5+ 23. Be3 Qe7 24. Rf1 Raf8 25. Kg2 Nd7 26. Bxc5 Nxc5 27. Ne3 Qg5
28. Qxf7+ Rxf7 29. Rxf7+ Kg8 30. Rf5+ Kg7 31. Rxg5 hxg5 32. Nf5+ Kf6 33. Kf3
Ne7 34. Ne3 Nc8 35. Rd1 Rf8 36. Nf5 g4+ 37. Ke3 Kg5 38. Bb3 Nb6 39. Rd6 Nbd7
40. Bc4 Rf6 41. Rd1 Nb6 42. Bb3 Nbd7 43. Bg8 Nxe4 44. Rxd7 Kxf5 45. Re7 Nxg3
46. Bh7+ Kg5 47. Rxe5+ Kh6 48. Bd3 Rf3+ 49. Kd2 Nh5 50. Rxa5 g3 51. Be2 g2 52.
Rxh5+ Kg6 53. Bxf3 g1=Q 54. b3 Qd4+ 55. Ke2 Qc3 56. a5 Qxc2+ 57. Kf1 Qxb3 0-1

[Event "Ch d'Afrique juniors"]
[Site "Hotel Bouazza (Tiaret)"]
[Date "2014.01.29"]
[Round "7.2"]
[White "Meftahi, Houssem"]
[Black "Aguiar, Cristiano"]
[Result "1-0"]
[WhiteElo "1994"]
[BlackElo "1848"]
[PlyCount "41"]
[EventDate "2014.01.25"]
[EventRounds "9"]
[EventCountry "ALG"]

1. e4 e6 2. d4 d5 3. Nc3 Nf6 4. Bg5 dxe4 5. Nxe4 Be7 6. Bxf6 gxf6 7. Nf3 f5 8.
Nc3 a6 9. Qd2 b5 10. O-O-O Bb7 11. Kb1 c5 12. Qe3 Qc7 13. Be2 cxd4 14. Nxd4 Nc6
15. Nxe6 fxe6 16. Bh5+ Kf8 17. Qh6+ Kg8 18. Qxe6+ Kg7 19. Rd7 Qxd7 20. Qxd7 Ra7
21. Re1 1-0

[Event "Ch d'Afrique juniors"]
[Site "Hotel Bouazza (Tiaret)"]
[Date "2014.01.29"]
[Round "7.3"]
[White "Willenberg, Shane C"]
[Black "Bhawoodien, Mohamed Ozayr"]
[Result "1/2-1/2"]
[WhiteElo "1893"]
[BlackElo "1913"]
[PlyCount "61"]
[EventDate "2014.01.25"]
[EventRounds "9"]
[EventCountry "ALG"]

1. e4 e5 2. c4 Nf6 3. Nc3 Bc5 4. g3 d6 5. Bg2 Nc6 6. d3 h6 7. h3 a5 8. Nf3 O-O
9. O-O Be6 10. Nd5 Nd4 11. Be3 c6 12. Nxf6+ Qxf6 13. Nxd4 exd4 14. Bd2 Qe7 15.
g4 Qd7 16. f4 f6 17. f5 Bf7 18. h4 d5 19. cxd5 cxd5 20. g5 dxe4 21. Bxe4 fxg5
22. hxg5 hxg5 23. Bxg5 Bd5 24. Qh5 Rae8 25. Rf4 Bxe4 26. dxe4 d3+ 27. Kh1 Be3
28. Rh4 Bxg5 29. Qh7+ Kf7 30. Qg6+ Kg8 31. Qh7+ 1/2-1/2

[Event "Ch d'Afrique juniors"]
[Site "Hotel Bouazza (Tiaret)"]
[Date "2014.01.29"]
[Round "7.4"]
[White "Nader, Mohamed"]
[Black "Dias, Vanderson"]
[Result "1-0"]
[WhiteElo "2104"]
[BlackElo "2006"]
[PlyCount "53"]
[EventDate "2014.01.25"]
[EventRounds "9"]
[EventCountry "ALG"]

1. d4 d5 2. Nf3 Nf6 3. e3 e6 4. Bd3 Bd6 5. Nbd2 Nbd7 6. O-O O-O 7. Re1 c5 8. c3
Qc7 9. e4 dxe4 10. Nxe4 Nxe4 11. Rxe4 cxd4 12. Rh4 f5 13. cxd4 Nf6 14. Bc2 Bd7
15. Bb3 Rae8 16. Bd2 Bc6 17. Rc1 Bxf3 18. Qxf3 Qf7 19. Qh3 Rc8 20. Re1 Rfe8 21.
Bg5 h6 22. Bxh6 gxh6 23. Rxh6 Qg7 24. Rxe6 Rxe6 25. Bxe6+ Kf8 26. Bxc8 Ke7 27.
Bxf5 1-0

[Event "Ch d'Afrique juniors"]
[Site "Hotel Bouazza (Tiaret)"]
[Date "2014.01.29"]
[Round "7.5"]
[White "Araoun, Saadi"]
[Black "Silva, David"]
[Result "1-0"]
[WhiteElo "1580"]
[BlackElo "2042"]
[PlyCount "96"]
[EventDate "2014.01.25"]
[EventRounds "9"]
[EventCountry "ALG"]

1. c4 Nf6 2. Nc3 g6 3. g3 Bg7 4. Bg2 O-O 5. d3 c6 6. e4 d6 7. Nge2 e5 8. O-O
Na6 9. h3 h6 10. f4 b5 11. b3 b4 12. Na4 exf4 13. Bxf4 Nh5 14. Rb1 Nxf4 15.
gxf4 Bd7 16. Qe1 c5 17. Nb2 Rb8 18. Nd1 Nc7 19. Ne3 Qe7 20. f5 Qg5 21. Qg3 Qxg3
22. Nxg3 Bd4 23. Rbe1 h5 24. h4 Bf6 25. Rf4 a5 26. Ref1 Bd4 27. R4f3 a4 28. Kh2
axb3 29. axb3 Ra8 30. fxg6 fxg6 31. Rxf8+ Rxf8 32. Nd5 Nxd5 33. Rxf8+ Kxf8 34.
exd5 Ba4 35. bxa4 b3 36. Ne4 Ke7 37. a5 b2 38. Nd2 Bc3 39. Nb1 Bxa5 40. Bf3 Bb4
41. Kh3 Kf6 42. Bd1 Ke5 43. Bc2 Kd4 44. Kg2 Ke3 45. Kg3 Be1+ 46. Kh3 Kd4 47.
Na3 Kc3 48. Nb5+ Kd2 1-0

[Event "Ch d'Afrique juniors"]
[Site "Hotel Bouazza (Tiaret)"]
[Date "2014.01.29"]
[Round "7.6"]
[White "Silvio, Famorosa F"]
[Black "Ghafoul, Said"]
[Result "1-0"]
[WhiteElo "1981"]
[BlackElo "1851"]
[PlyCount "63"]
[EventDate "2014.01.25"]
[EventRounds "9"]
[EventCountry "ALG"]

1. d4 Nf6 2. Nc3 e6 3. e4 Bb4 4. Bd3 c5 5. dxc5 Bxc3+ 6. bxc3 Qa5 7. Nf3 Qxc3+
8. Bd2 Qxc5 9. O-O Nc6 10. a3 Ne5 11. Bb4 Nxf3+ 12. Qxf3 Qh5 13. Qg3 a5 14. Bd6
Qg6 15. Qf3 Qg4 16. Qe3 b5 17. h3 Qh5 18. e5 Nd5 19. Qg3 Bb7 20. f4 Ne7 21.
Rab1 Nf5 22. Bxf5 Qxf5 23. Rxb5 Qe4 24. Rxb7 Qxb7 25. Qxg7 O-O-O 26. Qg3 Rhg8
27. Qf2 Rg6 28. Re1 Rdg8 29. g4 f6 30. Re3 Qb6 31. Rc3+ Kb7 32. Rb3 1-0

[Event "Ch d'Afrique juniors"]
[Site "Hotel Bouazza (Tiaret)"]
[Date "2014.01.30"]
[Round "8.1"]
[White "Nader, Mohamed"]
[Black "Meftahi, Houssem"]
[Result "1-0"]
[WhiteElo "2104"]
[BlackElo "1994"]
[PlyCount "141"]
[EventDate "2014.01.25"]
[EventRounds "9"]
[EventCountry "ALG"]

1. d4 d5 2. Nf3 Nf6 3. e3 Bg4 4. c4 c6 5. Qb3 Qc7 6. Ne5 e6 7. Nxg4 Nxg4 8. h3
Nf6 9. Nc3 Nbd7 10. Bd2 Bd6 11. c5 Be7 12. Qc2 e5 13. Be2 Nf8 14. b4 Ne6 15.
dxe5 Qxe5 16. O-O O-O 17. Bd3 Rfd8 18. Ne2 a5 19. Bc3 Qc7 20. a3 h6 21. Qb2 Nd7
22. Nd4 Bf6 23. Nf5 Bxc3 24. Qxc3 Qe5 25. Nd4 Re8 26. Bc2 g6 27. Kh1 f5 28. Qd2
Nf6 29. Nxe6 Rxe6 30. bxa5 Qc7 31. Rfb1 Rxa5 32. Qb4 Re7 33. Bd3 Ne8 34. Qh4
Kh7 35. g4 fxg4 36. Qxg4 Rg7 37. Rg1 Qf7 38. Qb4 Qf3+ 39. Rg2 Qxh3+ 40. Kg1 Ra8
41. Bxg6+ Kh8 42. Qf4 Nc7 43. Rg3 Ne6 44. Qf6 Rf8 45. Qxf8+ Nxf8 46. Rxh3 Rxg6+
47. Kf1 Ne6 48. Rc1 Kh7 49. Rf3 Ng5 50. Rf8 Re6 51. f4 Ne4 52. Rf7+ Kg6 53.
Rxb7 Nd2+ 54. Ke2 Nc4 55. Rc3 h5 56. Rb8 Kf5 57. Rg8 h4 58. Rg5+ Ke4 59. Rh5 h3
60. Rxh3 Rg6 61. Rf3 Rg8 62. f5 Rb8 63. Rf4+ Ke5 64. f6 Rb2+ 65. Kf3 Nd2+ 66.
Kg4 Ne4 67. f7 Rb8 68. f8=Q Rxf8 69. Rxf8 Nxc3 70. Re8+ Kf6 71. Rc8 1-0

[Event "Ch d'Afrique juniors"]
[Site "Hotel Bouazza (Tiaret)"]
[Date "2014.01.30"]
[Round "8.2"]
[White "Silvio, Famorosa F"]
[Black "Ameir, Moheb"]
[Result "0-1"]
[WhiteElo "1981"]
[BlackElo "2291"]
[PlyCount "72"]
[EventDate "2014.01.25"]
[EventRounds "9"]
[EventCountry "ALG"]

1. e4 c5 2. Nc3 Nc6 3. Nge2 g6 4. h4 Nf6 5. d4 cxd4 6. Nxd4 Bg7 7. Be3 Qa5 8.
Nb3 Qc7 9. f4 d6 10. Be2 h5 11. Nd5 Qd8 12. Nxf6+ Bxf6 13. c3 Be6 14. Qd2 Qc7
15. Nd4 Bd7 16. Bf3 Na5 17. b3 e5 18. fxe5 Bxe5 19. O-O Bg4 20. Rad1 Qd8 21.
Bg5 f6 22. Bf4 Qe7 23. c4 Nc6 24. Ne2 Be6 25. Nc3 Nd4 26. Nd5 Bxd5 27. Bxe5
fxe5 28. exd5 Qxh4 29. c5 dxc5 30. d6 Nxf3+ 31. Rxf3 Qd4+ 32. Kh2 Qxd2 33. Rxd2
Rf8 34. Rc3 b6 35. b4 cxb4 36. Rc6 Rf7 0-1

[Event "Ch d'Afrique juniors"]
[Site "Hotel Bouazza (Tiaret)"]
[Date "2014.01.30"]
[Round "8.3"]
[White "Saim, Mohamed Ilias"]
[Black "Bhawoodien, Mohamed Ozayr"]
[Result "1-0"]
[WhiteElo "1988"]
[BlackElo "1913"]
[PlyCount "72"]
[EventDate "2014.01.25"]
[EventRounds "9"]
[EventCountry "ALG"]

1. e4 c5 2. Nf3 d6 3. d4 cxd4 4. Qxd4 Nc6 5. Bb5 Bd7 6. Bxc6 bxc6 7. c4 e5 8.
Qd3 Qc7 9. O-O Ne7 10. Nc3 Ng6 11. Rd1 Be7 12. b3 Rd8 13. Ba3 Be6 14. Rac1 Qa5
15. Bb2 O-O 16. a3 Qa6 17. Ne2 f5 18. Ng3 fxe4 19. Qxe4 Rf4 20. Qe3 Bg4 21.
Bxe5 dxe5 22. Rxd8+ Bxd8 23. Nxe5 Bg5 24. Nxg4 Rxg4 25. Qe6+ Kf8 26. Re1 Be7
27. Qxg4 Qxa3 28. Qc8+ Kf7 29. Qxc6 Qxb3 30. Qe6+ Kf8 31. h4 Qb6 32. h5 Qxe6
33. Rxe6 Nf4 34. Ra6 Bc5 35. Ne4 Bd4 36. c5 Nd3 1-0

[Event "Ch d'Afrique juniors"]
[Site "Hotel Bouazza (Tiaret)"]
[Date "2014.01.30"]
[Round "8.4"]
[White "Willenberg, Shane C"]
[Black "Ouaret, Abdelouhab"]
[Result "1-0"]
[WhiteElo "1893"]
[BlackElo "1856"]
[PlyCount "29"]
[EventDate "2014.01.25"]
[EventRounds "9"]
[EventCountry "ALG"]

1. e4 e5 2. Bc4 Bc5 3. Nc3 Nc6 4. Qg4 Qf6 5. Nd5 Qxf2+ 6. Kd1 g6 7. Nh3 Qd4 8.
d3 d6 9. Qf3 Bxh3 10. Rf1 f5 11. gxh3 Bb6 12. c3 Qc5 13. Be3 Nd4 14. cxd4 exd4
15. Bd2 1-0

[Event "Ch d'Afrique juniors"]
[Site "Hotel Bouazza (Tiaret)"]
[Date "2014.01.30"]
[Round "8.5"]
[White "Aguiar, Cristiano"]
[Black "Alnami, Salaheddin"]
[Result "1-0"]
[WhiteElo "1848"]
[BlackElo "1843"]
[PlyCount "43"]
[EventDate "2014.01.25"]
[EventRounds "9"]
[EventCountry "ALG"]

1. e4 c6 2. d4 d5 3. Nc3 dxe4 4. Nxe4 Bf5 5. Ng3 Bg6 6. h4 h6 7. h5 Bh7 8. Nf3
Nf6 9. Bd3 Bxd3 10. Qxd3 e6 11. Bd2 Nbd7 12. O-O-O Qc7 13. Kb1 O-O-O 14. Ne2 e5
15. dxe5 Nxe5 16. Qf5+ Ned7 17. Bf4 Qb6 18. Ne5 Ba3 19. Nc4 Qxf2 20. Qa5 Ne8
21. bxa3 b5 22. Qa6# 1-0

[Event "Ch d'Afrique juniors"]
[Site "Hotel Bouazza (Tiaret)"]
[Date "2014.01.30"]
[Round "8.7"]
[White "Ghafoul, Said"]
[Black "Dias, Vanderson"]
[Result "1/2-1/2"]
[WhiteElo "1851"]
[BlackElo "2006"]
[PlyCount "43"]
[EventDate "2014.01.25"]
[EventRounds "9"]
[EventCountry "ALG"]

1. e4 e6 2. d4 d5 3. exd5 exd5 4. Bd3 Bd6 5. Qf3 Nf6 6. h3 c6 7. Ne2 O-O 8. O-O
Nbd7 9. Bf4 Bxf4 10. Nxf4 Re8 11. Nd2 Nf8 12. Rfe1 Rxe1+ 13. Rxe1 Qa5 14. c3
Bd7 15. Bb1 Qb6 16. Nb3 a5 17. Nd3 Re8 18. Rxe8 Bxe8 19. Qe2 Qd8 20. Nd2 Bd7
21. Nf4 Qb6 22. Nb3 1/2-1/2

[Event "Ch d'Afrique juniors"]
[Site "Hotel Bouazza (Tiaret)"]
[Date "2014.01.31"]
[Round "9.1"]
[White "Ameir, Moheb"]
[Black "Ghafoul, Said"]
[Result "1-0"]
[WhiteElo "2291"]
[BlackElo "1851"]
[PlyCount "47"]
[EventDate "2014.01.25"]
[EventRounds "9"]
[EventCountry "ALG"]

1. e4 c6 2. c4 d5 3. cxd5 cxd5 4. exd5 Qxd5 5. Nc3 Qd8 6. d4 e6 7. Nf3 Nf6 8.
Bd3 Nbd7 9. Qe2 Be7 10. Ne5 O-O 11. O-O Nb6 12. Rd1 Nbd5 13. Qf3 Re8 14. g4
Nxc3 15. bxc3 Qd5 16. Qh3 g6 17. Bc4 Qd8 18. Qf3 Bd6 19. Bg5 Be7 20. Rd3 Kg7
21. Qf4 Bd6 22. Rh3 Bxe5 23. dxe5 Nh5 24. gxh5 1-0

[Event "Ch d'Afrique juniors"]
[Site "Hotel Bouazza (Tiaret)"]
[Date "2014.01.31"]
[Round "9.2"]
[White "Meftahi, Houssem"]
[Black "Saim, Mohamed Ilias"]
[Result "0-1"]
[WhiteElo "1994"]
[BlackElo "1988"]
[PlyCount "64"]
[EventDate "2014.01.25"]
[EventRounds "9"]
[EventCountry "ALG"]

1. e4 e5 2. Nf3 d6 3. Nc3 Nf6 4. d4 Nbd7 5. g4 h6 6. Rg1 c6 7. a4 Qc7 8. Be3
Be7 9. h3 Nf8 10. g5 hxg5 11. Nxg5 Ne6 12. Nxe6 Bxe6 13. Rxg7 Bxh3 14. Bc4 Be6
15. Bf1 d5 16. Qf3 dxe4 17. Nxe4 Nxe4 18. Qxe4 Bf6 19. Rg3 O-O-O 20. O-O-O exd4
21. Bxd4 Rh4 22. Qxh4 Bxh4 23. Rgd3 Bf5 24. Rc3 Bg5+ 25. Be3 Bxe3+ 26. Rxe3
Rxd1+ 27. Kxd1 Qf4 28. Re1 Qxa4 29. b3 Qa1+ 30. Ke2 Bxc2 31. Bh3+ f5 32. Kd2
Qb2 0-1

[Event "Ch d'Afrique juniors"]
[Site "Hotel Bouazza (Tiaret)"]
[Date "2014.01.31"]
[Round "9.3"]
[White "Willenberg, Shane C"]
[Black "Nader, Mohamed"]
[Result "0-1"]
[WhiteElo "1893"]
[BlackElo "2104"]
[PlyCount "86"]
[EventDate "2014.01.25"]
[EventRounds "9"]
[EventCountry "ALG"]

1. e4 c5 2. Nf3 a6 3. c4 e6 4. Nc3 Qc7 5. d4 cxd4 6. Nxd4 Nf6 7. Nc2 Nc6 8. Be2
Bd6 9. h3 Bf4 10. Be3 Bxe3 11. Nxe3 Qe5 12. Qc2 Nd4 13. Qd3 Nxe2 14. Qxe2 O-O
15. O-O b5 16. f4 Qh5 17. Qxh5 Nxh5 18. e5 Bb7 19. Kh2 f5 20. cxb5 axb5 21. Nc2
Bc6 22. Nb4 h6 23. Rad1 g5 24. g3 gxf4 25. gxf4 Rf7 26. Nxc6 dxc6 27. a3 c5 28.
Rd6 b4 29. axb4 cxb4 30. Nb5 Ra2 31. Rf2 Rg7 32. Rxe6 Ra1 33. Re8+ Kh7 34. Rg2
Rxg2+ 35. Kxg2 Nxf4+ 36. Kg3 Ng6 37. Nd4 f4+ 38. Kf3 Re1 39. e6 Re3+ 40. Kg4
Rg3+ 41. Kf5 f3 42. Ra8 Ne7+ 43. Kf4 f2 0-1

[Event "Ch d'Afrique juniors"]
[Site "Hotel Bouazza (Tiaret)"]
[Date "2014.01.31"]
[Round "9.4"]
[White "Bhawoodien, Mohamed Ozayr"]
[Black "Silvio, Famorosa F"]
[Result "1-0"]
[WhiteElo "1913"]
[BlackElo "1981"]
[PlyCount "87"]
[EventDate "2014.01.25"]
[EventRounds "9"]
[EventCountry "ALG"]

1. d4 Nf6 2. c4 e5 3. dxe5 Ng4 4. Nf3 Nc6 5. Bg5 Be7 6. Bxe7 Qxe7 7. Nc3 Ngxe5
8. Nxe5 Qxe5 9. e3 O-O 10. Qd2 Ne7 11. Be2 c6 12. O-O a6 13. f4 Qa5 14. a3 d5
15. b4 Qb6 16. cxd5 Nxd5 17. Nxd5 cxd5 18. Bf3 Rd8 19. Rad1 Bf5 20. Qd4 Qxd4
21. Rxd4 Re8 22. Rxd5 g6 23. Re1 Re7 24. Kf2 Rc8 25. Rc5 Rxc5 26. bxc5 Rc7 27.
Rc1 Kf8 28. e4 Bd7 29. e5 Ke7 30. Ke3 Bb5 31. g4 f6 32. Bd5 fxe5 33. fxe5 Rd7
34. Rd1 Rc7 35. Kd4 Rd7 36. e6 Rd8 37. Ke5 Bc6 38. Rd4 Bb5 39. Rf4 Rxd5+ 40.
Kxd5 Be8 41. g5 Bc6+ 42. Ke5 Be8 43. Rh4 a5 44. a4 1-0

[Event "Ch d'Afrique juniors"]
[Site "Hotel Bouazza (Tiaret)"]
[Date "2014.01.31"]
[Round "9.5"]
[White "Aguiar, Cristiano"]
[Black "Silva, David"]
[Result "1-0"]
[WhiteElo "1848"]
[BlackElo "2042"]
[PlyCount "41"]
[EventDate "2014.01.25"]
[EventRounds "9"]
[EventCountry "ALG"]

1. d4 Nf6 2. c4 e6 3. Nc3 Bb4 4. Qb3 a5 5. a3 a4 6. Qxb4 Nc6 7. Qc5 Ra5 8. Nb5
Rxb5 9. cxb5 Qe7 10. bxc6 Qxc5 11. cxd7+ Nxd7 12. dxc5 Nxc5 13. Be3 Nb3 14. Rd1
O-O 15. Nf3 b6 16. Bf4 c5 17. e3 h6 18. Bb5 g5 19. Bd6 Rd8 20. Bc7 Rd5 21. Bxb6
1-0

[Event "Ch d'Afrique juniors"]
[Site "Hotel Bouazza (Tiaret)"]
[Date "2014.01.31"]
[Round "9.7"]
[White "Dias, Vanderson"]
[Black "Alnami, Salaheddin"]
[Result "1-0"]
[WhiteElo "2006"]
[BlackElo "1843"]
[PlyCount "87"]
[EventDate "2014.01.25"]
[EventRounds "9"]
[EventCountry "ALG"]

1. e4 e5 2. Nf3 Nc6 3. d4 exd4 4. Nxd4 d6 5. Nc3 Nf6 6. Bb5 Bd7 7. O-O Be7 8.
f4 O-O 9. h3 Nxd4 10. Qxd4 Bxb5 11. Nxb5 Qd7 12. c4 a6 13. Nc3 Rfe8 14. Be3
Rad8 15. Rad1 b5 16. a3 c6 17. Rfe1 Qe6 18. b3 Nd7 19. f5 Qf6 20. Qd2 Ne5 21.
cxb5 axb5 22. Bf4 g6 23. fxg6 fxg6 24. Rf1 Qe6 25. Qc2 Bf6 26. Ne2 c5 27. Nc3
c4 28. Nd5 Rc8 29. bxc4 Rxc4 30. Qb3 Kg7 31. Qxb5 Rc5 32. Qb3 Nc4 33. Rfe1 Kh8
34. Qg3 Rb8 35. Rb1 Bd4+ 36. Kh2 Rxb1 37. Rxb1 Qxe4 38. Rb3 Kg7 39. Rb7+ Kh8
40. Qh4 g5 41. Rb8+ Kg7 42. Qxg5+ Qg6 43. Qe7+ Qf7 44. Bh6+ 1-0